The slow advance of managed retreat (Record no. 80337)

MARC details
000 -LEADER
fixed length control field 00972cab a22002055a 4500
001 - CONTROL NUMBER
control field L144034
008 - FIXED-LENGTH DATA ELEMENTS--GENERAL INFORMATION
fixed length control field 080612s2008 xxkad f 000 0 eng d
035 ## - SYSTEM CONTROL NUMBER
System control number (Sirsi) u144034
041 0# - LANGUAGE CODE
Language code of text/sound track or separate title eng
100 1# - MAIN ENTRY--PERSONAL NAME
Personal name Early, Catherine
245 04 - TITLE STATEMENT
Title The slow advance of managed retreat
260 ## - PUBLICATION, DISTRIBUTION, ETC.
Date of publication, distribution, etc. 2008
490 #0 - SERIES STATEMENT
Series statement ENDS Report
Volume/sequential designation (400) May 2008, 36-39(4)
520 ## - SUMMARY, ETC.
Summary, etc. Argues that managed realignment (i.e. retreat) of the coastline can improve flood defences and wildlife habitats. Explains that it is necessary to engage with affected local communities and to resolve the compensation issues which arise, if the proposed scheme is to be successful. Map shows managed retreat schemes in Britain carried out to date.
590 ## - LOCAL NOTE (RLIN)
Local note KA
651 #4 - SUBJECT ADDED ENTRY--GEOGRAPHIC NAME
Geographic name England and Wales
Chronological subdivision 1543-
690 ## - LOCAL SUBJECT ADDED ENTRY--TOPICAL TERM (OCLC, RLIN)
Topical term or geographic name as entry element PROPERTY-RURAL AND NATURAL ASSETS-RURAL AND NATURAL ASSET MANAGEMENT-COASTAL MANAGEMENT
690 ## - LOCAL SUBJECT ADDED ENTRY--TOPICAL TERM (OCLC, RLIN)
Topical term or geographic name as entry element ENVIRONMENTAL AND LAND CONSULTANCY-WATER RESOURCE MANAGEMENT-FLOODING
942 ## - ADDED ENTRY ELEMENTS (KOHA)
Suppress in OPAC 0
Holdings
Withdrawn status Lost status Source of classification or shelving scheme Damaged status Not for loan Home library Current library Shelving location Date acquired Total Checkouts Full call number Barcode Date last seen Copy number Price effective from Koha item type
    Dewey Decimal Classification     London London Journal article 12/06/2008   L144034 144034-1001 06/08/2019 1 06/08/2019 Journal article